Interoperability among Access Control Models (Record no. 12281)
[ view plain ]
| 000 -LEADER | |
|---|---|
| fixed length control field | 00395nam a22001337a 4500 |
| 082 ## - DEWEY DECIMAL CLASSIFICATION NUMBER | |
| Classification number | MS-PhD-IT KHA |
| 100 ## - MAIN ENTRY--PERSONAL NAME | |
| Personal name | Khalid Hafeez |
| 9 (RLIN) | 102133 |
| 245 ## - TITLE STATEMENT | |
| Title | Interoperability among Access Control Models |
| 260 ## - PUBLICATION, DISTRIBUTION, ETC. | |
| Place of publication, distribution, etc. | Islamabad |
| Name of publisher, distributor, etc. | NUST SEECS |
| Date of publication, distribution, etc. | 2013 |
| 300 ## - PHYSICAL DESCRIPTION | |
| Extent | 77 P |
| 500 ## - GENERAL NOTE | |
| General note | Supervisors; Dr.Awais Shibli |
| 856 ## - ELECTRONIC LOCATION AND ACCESS | |
| Uniform Resource Identifier | <a href="http://10.250.8.41:8080/xmlui/handle/123456789/9833">http://10.250.8.41:8080/xmlui/handle/123456789/9833</a> |
| 942 ## - ADDED ENTRY ELEMENTS (KOHA) | |
| Koha item type | Project Report |
| Source of classification or shelving scheme | |
| Withdrawn status | Lost status | Damaged status | Not for loan | Collection code | Permanent Location | Current Location | Shelving location | Date acquired | Total Checkouts | Full call number | Barcode | Date last seen | Price effective from | Koha item type | Source of classification or shelving scheme |
|---|---|---|---|---|---|---|---|---|---|---|---|---|---|---|---|
| Central Library (CL) | Central Library (CL) | General Stacks | 12/21/2013 | MS-PhD-IT KHA | SEECSP01290 | 12/21/2013 | 12/21/2013 | Project Report | |||||||
| Central Library (CL) | Central Library (CL) | Thesis | 08/23/2019 | 004 | CL-T-2578 | 08/23/2019 | 08/23/2019 | Thesis |
